Constitution of the Dominican Republic, 1966. (Record no. 51615)

MARC details
000 -LEADER
fixed length control field 00907cam a22002411 4500
001 - CONTROL NUMBER
control field pa 68000007
003 - CONTROL NUMBER IDENTIFIER
control field DLC
005 - DATE AND TIME OF LATEST TRANSACTION
control field 20260227111857.0
008 - FIXED-LENGTH DATA ELEMENTS--GENERAL INFORMATION
fixed length control field 710901s1967 dcu 00000 eng c
010 ## - LIBRARY OF CONGRESS CONTROL NUMBER
LC control number pa 68000007 //r843
040 ## - CATALOGING SOURCE
Original cataloging agency Pan American Union. Library
041 1# - LANGUAGE CODE
Language code of text/sound track or separate title engspa
050 0# - LIBRARY OF CONGRESS CALL NUMBER
Classification number LAW
082 0# - DEWEY DECIMAL CLASSIFICATION NUMBER
Classification number 342.7293/023
-- 347.2930223
Edition number 19
110 10 - MAIN ENTRY--CORPORATE NAME
Corporate name or jurisdiction name as entry element Dominican Republic.
240 10 - UNIFORM TITLE
Uniform title Constitución (1966).
Language of a work English
245 10 - TITLE STATEMENT
Title Constitution of the Dominican Republic, 1966.
260 0# - PUBLICATION, DISTRIBUTION, ETC.
Place of publication, distribution, etc. Washington,
Name of publisher, distributor, etc. Pan American Union,
Date of publication, distribution, etc. 1967.
300 ## - PHYSICAL DESCRIPTION
Extent iv, 28 p.
Dimensions 28 cm.
500 ## - GENERAL NOTE
General note "This constitution, which supersedes the one of September 16, 1962, is translated from the text distributed by the Junta Central Electoral."
500 ## - GENERAL NOTE
General note "Published under the direction of the General Legal Division, Department of Legal Affairs."
710 20 - ADDED ENTRY--CORPORATE NAME
Corporate name or jurisdiction name as entry element Pan American Union.
Subordinate unit General Legal Division.

No items available.

Powered by Koha